000 00401nam a2200145Ia 4500
008 100415s9999 xx 000 0 und d
082 _b7091
_a591
100 _aWilliams GE
245 _aA Survey of the Animal Kingdom
260 _aLONDON
_c1969
_bHORNIMAN MUSEUM & LIBRARY
365 _b0
630 _aA Survey of the Animal Kingdom
730 _aA Survey of the Animal Kingdom
942 _cBOOK
999 _c590053
_d590050